[Event "14. Sparkassen Open 2015 - Gruppe B"]
[Site "Forchheim"]
[Date "2015.10.04"]
[Round "5.33"]
[White "Wärtsch, Michael"]
[Black "Schulz, Horst"]
[Result "1-0"]
[WhiteElo "1866"]
[BlackElo "1717"]
[PlyCount "103"]
[EventDate "2015.??.??"]
[WhiteTeam "SG Lüdenscheid"]
[BlackTeam "SC Höchstadt/Aisch"]

1. e4 d5 2. exd5 Nf6 3. Nf3 Nxd5 4. d4 Bf5 5. Bd3 Bg4 6. c3 c6 7. Qb3 Qb6 8.
Ne5 Be6 9. Qxb6 Nxb6 10. Bf4 N8d7 11. O-O O-O-O 12. Nd2 f6 13. Nxd7 Bxd7 14.
Nc4 g5 15. Nxb6+ axb6 16. Be3 h5 17. a4 Bh6 18. a5 bxa5 19. Rxa5 g4 20. Re1
Bxe3 21. Rxe3 e6 22. Bc4 Rde8 23. Kf1 Kc7 24. b4 h4 25. Ra7 Re7 26. Bd3 h3 27.
g3 Rh5 28. Ra8 Rg5 29. Rf8 f5 30. Bxf5 Kd6 31. Bd3 b5 32. Be2 e5 33. dxe5+
Rexe5 34. Rxe5 Kxe5 35. f4+ gxf3 36. Bxf3 Kd6 37. Kf2 c5 38. Rh8 cxb4 39. cxb4
Rg6 40. Rh4 Rf6 41. Rf4 Rf5 42. Rxf5 Bxf5 43. g4 Bd3 44. Be2 Bc4 45. Bxc4 bxc4
46. g5 Ke6 47. b5 c3 48. Ke2 Kf5 49. b6 Kxg5 50. b7 c2 51. Kd2 Kf4 52. b8=Q+
1-0

[Event "14. Sparkassen Open 2015 - Gruppe B"]
[Site "Forchheim"]
[Date "2015.10.04"]
[Round "5.34"]
[White "Großner, Josef"]
[Black "Jacob, Karl-Heinz"]
[Result "1/2-1/2"]
[WhiteElo "1902"]
[BlackElo "1728"]
[PlyCount "29"]
[EventDate "2015.??.??"]
[WhiteTeam "SF Fürth"]
[BlackTeam "SG Sonneberg"]

1. d4 d5 2. c4 dxc4 3. Nf3 Nf6 4. e3 Bf5 5. Bxc4 e6 6. O-O h6 7. b3 Be7 8. Bb2
O-O 9. Nc3 c6 10. Bd3 Bxd3 11. Qxd3 Na6 12. Rfd1 Nb4 13. Qe2 Nbd5 14. Qc2 Nb4
15. Qe2 1/2-1/2

[Event "14. Sparkassen Open 2015 - Gruppe B"]
[Site "Forchheim"]
[Date "2015.10.04"]
[Round "5.36"]
[White "Nahlik, Bernhard"]
[Black "Schlötterer, Hermann"]
[Result "1-0"]
[WhiteElo "1721"]
[BlackElo "1872"]
[PlyCount "93"]
[EventDate "2015.??.??"]
[WhiteTeam "SC Ansbach"]
[BlackTeam "Zabo-Eintracht Nürnberg"]

1. d4 Nf6 2. Nf3 c5 3. e3 b6 4. Be2 Bb7 5. c4 e6 6. Nc3 cxd4 7. exd4 d5 8. cxd5
Nxd5 9. O-O Be7 10. Nxd5 Qxd5 11. b3 O-O 12. Bb2 Ba6 13. Ne5 Bxe2 14. Qxe2 Nd7
15. Rfe1 Nf6 16. Rac1 Rac8 17. h3 Bb4 18. Red1 Qb7 19. Qb5 Nd5 20. Qd7 Qxd7 21.
Nxd7 Rfd8 22. Ne5 Bc3 23. Ba1 Bxa1 24. Rxa1 Rc2 25. Nd3 a5 26. Rdc1 Rdc8 27.
Rxc2 Rxc2 28. Rc1 Rxc1+ 29. Nxc1 Kf8 30. g3 Ke7 31. Kf1 Kd6 32. Ke2 Nb4 33. Kd2
Kd5 34. Kc3 Ke4 35. a3 Nc6 36. b4 Nxd4 37. bxa5 bxa5 38. Kc4 e5 39. Kc5 f6 40.
a4 Kf3 41. Kb6 Kxf2 42. Kxa5 e4 43. Kb6 e3 44. a5 Nb3 45. Nxb3 e2 46. Nc1 e1=N
47. a6 1-0

[Event "14. Sparkassen Open 2015 - Gruppe B"]
[Site "Forchheim"]
[Date "2015.10.04"]
[Round "5.38"]
[White "Lohvinov, Petro"]
[Black "Richter, Tony"]
[Result "0-1"]
[WhiteElo "1643"]
[BlackElo "1680"]
[PlyCount "56"]
[EventDate "2015.??.??"]
[WhiteTeam "SK München Südost"]
[BlackTeam "SV Triebes"]

1. e4 c5 2. c3 d5 3. exd5 Qxd5 4. d4 e6 5. Nf3 a6 6. Be3 Nd7 7. Be2 Ngf6 8. O-O
cxd4 9. cxd4 Bb4 10. Nc3 Qa5 11. Bd2 O-O 12. a3 Bxc3 13. Bxc3 Qb6 14. Bd3 Nd5
15. Bc2 N7f6 16. Re1 Bd7 17. Ne5 Rac8 18. Qd2 Bc6 19. Rad1 Qa7 20. Nxc6 Rxc6
21. Rc1 Qb8 22. h3 Rfc8 23. Bb3 b6 24. Rc2 a5 25. Bxd5 Nxd5 26. Rec1 Qc7 27.
Qd3 Rc4 28. Rd2 b5 0-1

[Event "14. Sparkassen Open 2015 - Gruppe B"]
[Site "Forchheim"]
[Date "2015.10.04"]
[Round "5.39"]
[White "Baumgärtner, Jens"]
[Black "Rierl, Klaus"]
[Result "1-0"]
[WhiteElo "1579"]
[BlackElo "1789"]
[PlyCount "83"]
[EventDate "2015.??.??"]
[WhiteTeam "SF Forst"]
[BlackTeam "SG Sonneberg"]

1. b3 d5 2. Bb2 e6 3. e3 Nf6 4. Nf3 Be7 5. Ne5 Nbd7 6. f4 Nxe5 7. fxe5 Nd7 8.
d4 c5 9. Bd3 g6 10. O-O a6 11. c4 b6 12. Qf3 O-O 13. cxd5 Bb7 14. e4 exd5 15.
exd5 cxd4 16. Bxd4 Bc5 17. Bxc5 Nxc5 18. Nc3 Qg5 19. Ne4 Nxe4 20. Bxe4 Qxe5 21.
Rae1 Qd6 22. Qf6 Qxf6 23. Rxf6 Rfe8 24. Kf2 Rad8 25. Rxb6 Rd7 26. Bf3 Rxe1 27.
Kxe1 Bxd5 28. Bxd5 Rxd5 29. Rxa6 Rg5 30. g3 Rc5 31. Kf2 Rb5 32. Rd6 Rc5 33. a4
Rc2+ 34. Kg1 h5 35. b4 Rc4 36. Rb6 h4 37. gxh4 Rxh4 38. a5 Kg7 39. a6 Rh8 40.
a7 Ra8 41. Ra6 f5 42. b5 1-0

[Event "14. Sparkassen Open 2015 - Gruppe B"]
[Site "Forchheim"]
[Date "2015.10.04"]
[Round "5.40"]
[White "Lehmann, Tornalf"]
[Black "Schulz, Siegfried"]
[Result "1-0"]
[WhiteElo "1671"]
[BlackElo "1928"]
[PlyCount "83"]
[EventDate "2015.??.??"]
[WhiteTeam "SC Heilsbronn"]
[BlackTeam "TSV Kirchenlaibach"]

1. e4 e6 2. d4 d5 3. Nc3 Be7 4. e5 c5 5. Nf3 Nc6 6. Bb5 Bd7 7. Bxc6 Bxc6 8. O-O
cxd4 9. Nxd4 Bd7 10. f4 g6 11. Be3 a6 12. Nce2 Rc8 13. a4 Bc5 14. c3 Ne7 15. b4
Bb6 16. a5 Ba7 17. h4 Nc6 18. Qe1 h5 19. Kh1 Qe7 20. Nxc6 Rxc6 21. Bxa7 O-O 22.
Bc5 Rxc5 23. bxc5 Qxc5 24. Qf2 Qc4 25. Rfe1 Rc8 26. Qd4 Qc7 27. Rec1 Bb5 28.
Ng1 Qe7 29. Nf3 Rc4 30. Qd2 f6 31. exf6 Qxf6 32. g3 Kh7 33. Ng5+ Kg8 34. Qe3
Bd7 35. Qe5 Kg7 36. Rab1 Bc8 37. Rb6 Qxe5 38. fxe5 Rc5 39. Nxe6+ Bxe6 40. Rxe6
Rxa5 41. Re7+ Kh6 42. Rf1 1-0

[Event "14. Sparkassen Open 2015 - Gruppe B"]
[Site "Forchheim"]
[Date "2015.10.04"]
[Round "5.41"]
[White "Breitenbach, Joachim"]
[Black "Walter, Manfred"]
[Result "0-1"]
[WhiteElo "2045"]
[BlackElo "1757"]
[PlyCount "83"]
[EventDate "2015.??.??"]
[WhiteTeam "Schachtreff Röttenbach"]
[BlackTeam "SV Lauf"]

1. e4 d6 2. d4 Nf6 3. Bd3 e5 4. Ne2 exd4 5. Nxd4 Be7 6. O-O O-O 7. c4 Nc6 8.
Nxc6 bxc6 9. Nc3 Rb8 10. Qa4 Bb7 11. Qxa7 Nd7 12. Qe3 Ne5 13. Be2 Ba6 14. b3
Bf6 15. f4 Nd7 16. Bb2 Re8 17. Na4 Bxb2 18. Nxb2 Qf6 19. Na4 Bb7 20. Bf3 Re7
21. Rae1 Rbe8 22. g3 Qg6 23. Qa7 Ba8 24. Nc3 f5 25. exf5 Qf6 26. Rxe7 Qxe7 27.
Qf2 Nc5 28. Rd1 Qf6 29. Qc2 Re3 30. Nd5 cxd5 31. Bxd5+ Bxd5 32. cxd5 Qe7 33.
Rd2 Re1+ 34. Kg2 Qe3 35. Kh3 Qf3 36. Rf2 Qxd5 37. Qc4 Qxc4 38. bxc4 Rc1 39. Re2
Kf7 40. Kg4 Rxc4 41. Kg5 Ne4+ 42. Kg4 0-1

[Event "14. Sparkassen Open 2015 - Gruppe B"]
[Site "Forchheim"]
[Date "2015.10.04"]
[Round "5.42"]
[White "Mönch, Dietmar"]
[Black "Gheng, Dominik"]
[Result "0-1"]
[WhiteElo "1798"]
[BlackElo "1757"]
[PlyCount "72"]
[EventDate "2015.??.??"]
[BlackTeam "Schach-Kids Bernhausen"]

1. d4 d5 2. Nf3 Nf6 3. e3 e6 4. Bd3 Be7 5. O-O O-O 6. b3 b6 7. Bb2 Bb7 8. Ne5
Nbd7 9. Nd2 Ne4 10. c4 Nxe5 11. dxe5 Nxd2 12. Qxd2 dxc4 13. bxc4 Be4 14. Rfd1
Bxd3 15. Qxd3 Qxd3 16. Rxd3 Rfd8 17. Rad1 Rxd3 18. Rxd3 Rd8 19. Rd4 c5 20.
Rxd8+ Bxd8 21. Kf1 g5 22. g4 Kf8 23. Ke2 Ke7 24. f4 Kd7 25. Kd3 Kc6 26. Bc3 a6
27. a4 b5 28. axb5+ axb5 29. Bd2 Kb6 30. Be1 Ka6 31. Bd2 Ba5 32. Bc1 Bb4 33.
Bb2 Ka5 34. Ke4 Ka4 35. fxg5 Be1 36. h3 b4 0-1

[Event "14. Sparkassen Open 2015 - Gruppe B"]
[Site "Forchheim"]
[Date "2015.10.04"]
[Round "5.43"]
[White "Weidenhöfer, Robert"]
[Black "Hummel, Thomas"]
[Result "0-1"]
[WhiteElo "1724"]
[BlackElo "1947"]
[PlyCount "30"]
[EventDate "2015.??.??"]
[WhiteTeam "SW Nürnberg Süd"]
[BlackTeam "SK Neumarkt"]

1. b3 d5 2. Bb2 Nc6 3. e3 e5 4. Bb5 Bd6 5. c4 Nf6 6. Bxc6+ bxc6 7. c5 Bxc5 8.
Bxe5 Bd6 9. Bb2 O-O 10. Nf3 Ba6 11. Na3 Ne4 12. d4 Qe7 13. Nb1 g5 14. h3 f5 15.
Nh2 Bb4+ 0-1